000 01140cam a2200253 4500
008 090401t1995 xxu||||| |||| 00| 0 eng d
020 _a0113222017
035 _a(Sirsi) u16127
041 _aeng
050 _a690
_c18
110 _aNHS Estates
_92893
245 _aAgreement for the appointment of architects, surveyors and engineers for commissions in the National Health Service (1995 edition). Volume 1: Scheme particulars, conditions of appointment, provision for fees and expenses, specimen certificates, definitions, memorandum of agreement.
260 _aLondon
_bHMSO
_c1995
300 _a98p. ; 30cm.
350 _a15
520 _aProduced after consultation with RIBA, RICS, the Association of Consulting Engineers and the Association of Project Managers, the agreement relates specifically to NHS procedures and documentation. Forms part of the Concode set of documents.
650 _aBUILT ENVIRONMENT-BUILDING CONTRACT FORMS
650 _aCONDITIONS OF ENGAGEMENT
650 _aCONSTRUCTION PROJECTS
650 _aNATIONAL HEALTH SERVICE
690 _aBUILT ENVIRONMENT
942 _n0
948 _c04/03/1997
999 _c87378
_d87378